Les prénoms ayant plusieurs orthographes - Statistiques

Statistiques générales
  • Ce quiz a été pris 313 fois
  • Le résultat moyen est 66 sur 123
Statistiques - réponses
Masculin /
Féminin
MICHEL % Correct
F Michelle
99%
M/F Dannie
97%
M/F Dany
97%
F Danielle
96%
F/M Stéphan
85%
F Michèle
84%
F Simonne
84%
M Raphaël
81%
F Danièle
80%
M Franc
78%
F Nicolle
78%
F Cristel
77%
F Kristel
77%
M Mickaël
77%
F Morganne
77%
M Franck
76%
F Morgane
76%
M Rafaël
76%
M Raffael
76%
F/M Stefan
76%
F Raphaëlle
75%
M Rémy
75%
M Jérémy
74%
F Magalie
73%
M Sophian
73%
M Luca
72%
M Batist
71%
F Ellie
71%
F Murielle
70%
M Thibault
70%
F Annabel
69%
F Corine
69%
M Cyril
69%
F Eveline
69%
F Miriam
69%
F Cristelle
68%
F Kristelle
68%
M Sophiane
68%
F Anabel
67%
F Giselle
67%
F Kristell
67%
F Lennie
67%
F Louan
67%
M Yohan
67%
M Yannik
66%
M Luka
65%
F Raffaelle
65%
F Sofianne
65%
M Yoan
65%
F Carolle
64%
L Lenni
64%
M Lukas
64%
F Odille
64%
F Lénie
63%
F Louanne
63%
F Lou-Anne
63%
M Battiste
62%
M Eli
62%
F Soffiane
62%
M Yanick
62%
M Yanik
62%
M Batiste
61%
F Noémi
61%
M Timoté
61%
M/F Ely
60%
M/F Jackie
60%
F Louann
60%
M Sofiane
60%
M Mikaël
58%
M Jacki
57%
M Léni
55%
M Johann
54%
F Myriame
53%
M Timothé
53%
M Yoann
53%
M Jessie
51%
L Jessy
51%
M Danyel
49%
F Chrystel
48%
F Crystel
48%
M Joanne
48%
M Johanne
48%
Jérémi
47%
M Baptist
46%
F Danyelle
45%
F Symone
44%
F Christèle
43%
F Kristèle
43%
F Murièle
41%
M Morgann
40%
F Miryam
39%
F Chrystell
37%
F Chrystelle
37%
F Krystelle
37%
F Nycole
36%
M Thibaud
35%
M Thimoté
33%
F Danyèle
32%
M Yoanne
32%
M Sofiann
31%
M Johane
30%
F Annabèle
29%
F Coryne
28%
M Thimothé
28%
M Sofyan
25%
M Micaël
24%
F Magalye
22%
F Chrystèle
17%
F Crystèle
17%
F Krystèle
17%
M Thimothée
15%
F Sofyane
14%
M Sofyann
14%
M Batyste
13%
M Baptyste
11%
F Louhane
7%
M Mikhaël
3%
M Timothey
3%
M Timothei
1%
F Mirjam
0%
F Othilde
0%
F Othilie
0%
M Yannig
0%
Aucun quiz correspondant
Distribution des résultats
% des personnes avec chaque résultat
Percentile par nombre de réponses
Votre historique - résultats
Vous n’avez pas pris ce quiz